| 000 | 09239nam a22001457a 4500 | ||
|---|---|---|---|
| 082 | _a331.7920973 KOC | ||
| 100 | _aKOCKA,JURGEN | ||
| 245 | _aWHITE COLLA WORKERRS IN AMERICA | ||
| 260 |
_aLONDON _bSAGE _c1890- 19 4 0 1 18 9 0 |
||
| 300 |
_a v,403p. _b22cm |
||
| 500 | _aInclude Index | ||
| 520 | _a | ||
| 650 | _aA SOCIAL-POLITICAL HISTOTORY IN INTERNAONAL | ||
| 942 | _cBK | ||
| 999 |
_c16616 _d16616 |
||